[Event "NB I. Maroczy csoport"]
[Site "Miskolc"]
[Date "2024.04.07"]
[Round "9.10"]
[White "Peredi, Oliver"]
[Black "Nemeth, Mark"]
[Result "1-0"]
[WhiteElo "2030"]
[BlackElo "1825"]
[PlyCount "75"]
[EventDate "2023.10.08"]
[EventType "team-tourn"]
[EventRounds "11"]
[EventCountry "HUN"]
[Source "chess.hu"]
[WhiteTeam "DVTK I."]
[BlackTeam "DEAC-Debr.Sakkiskola"]
[WhiteTeamCountry "HUN"]
[BlackTeamCountry "HUN"]

1. Nf3 e6 2. c4 Nf6 3. g3 c6 4. Bg2 d5 5. O-O Be7 6. d4 O-O 7. Nc3 b6 8. Ne5
Bb7 9. e4 dxe4 10. Nxe4 Nbd7 11. Nxc6 Bxc6 12. Nxf6+ Bxf6 13. Bxc6 Rc8 14. Bb5
Nb8 15. Be3 a6 16. Ba4 Rxc4 17. Bb3 Rc8 18. d5 e5 19. Qd3 Qd6 20. Rac1 g6 21.
Rxc8 Rxc8 22. Rc1 Rxc1+ 23. Bxc1 a5 24. Be3 Nd7 25. Qb5 Bd8 26. Bh6 g5 27. Ba4
Qxh6 28. Qxd7 Qf6 29. d6 Kg7 30. Bb3 h5 31. Bxf7 Qxf7 32. Qxd8 Qxa2 33. Qxg5+
Kf8 34. Qe7+ Kg8 35. Qe8+ Kg7 36. Qxe5+ Kg8 37. d7 Qb1+ 38. Kg2 1-0

[Event "NB I. Maroczy csoport"]
[Site "Miskolc"]
[Date "2024.04.07"]
[Round "9.11"]
[White "Koncz, Istvan"]
[Black "Farkas, Istvan"]
[Result "1/2-1/2"]
[WhiteElo "1903"]
[BlackElo "2032"]
[PlyCount "33"]
[EventDate "2023.10.08"]
[EventType "team-tourn"]
[EventRounds "11"]
[EventCountry "HUN"]
[Source "chess.hu"]
[WhiteTeam "DEAC-Debr.Sakkiskola"]
[BlackTeam "DVTK I."]
[WhiteTeamCountry "HUN"]
[BlackTeamCountry "HUN"]

1. c4 Nf6 2. Nc3 c5 3. d3 Nc6 4. Nf3 d5 5. cxd5 Nxd5 6. g3 g6 7. Bg2 Bg7 8. Bd2
O-O 9. O-O Nxc3 10. Bxc3 e5 11. Rc1 Qe7 12. a3 Rd8 13. Qc2 Be6 14. Bd2 Nd4 15.
Nxd4 cxd4 16. Bb4 Qd7 17. Qc7 1/2-1/2

[Event "NB I. Maroczy csoport"]
[Site "Miskolc"]
[Date "2024.04.07"]
[Round "9.12"]
[White "Ress, Amira"]
[Black "Biro, Beata"]
[Result "0-1"]
[WhiteElo "1767"]
[BlackElo "1849"]
[PlyCount "64"]
[EventDate "2023.10.08"]
[EventType "team-tourn"]
[EventRounds "11"]
[EventCountry "HUN"]
[Source "chess.hu"]
[WhiteTeam "DVTK I."]
[BlackTeam "DEAC-Debr.Sakkiskola"]
[WhiteTeamCountry "HUN"]
[BlackTeamCountry "HUN"]

1. d4 d5 2. c4 c6 3. Nf3 Nf6 4. e3 e6 5. Bd3 Bd6 6. Nc3 dxc4 7. Bxc4 b5 8. Bd3
Qc7 9. e4 e5 10. dxe5 Bxe5 11. Nxe5 Qxe5 12. Qe2 b4 13. Nd1 O-O 14. f4 Qd4 15.
Be3 Qd8 16. Bc5 Re8 17. Bxb4 Nxe4 18. Bxe4 Bf5 19. Nf2 Bxe4 20. Nxe4 f5 21. Rd1
Nd7 22. Qc4+ Kh8 23. Rd4 Qb6 24. Kd1 Rxe4 25. Rxe4 fxe4 26. Qxe4 Nf6 27. Qc4
Rd8+ 28. Bd2 Qxb2 29. Qc2 Qd4 30. Ke1 Ne4 31. Ba5 Qe3+ 32. Kf1 Rd1+ 0-1

[Event "NB I. Maroczy csoport"]
[Site "Budapest"]
[Date "2024.04.07"]
[Round "9.1"]
[White "Berebora, Ferenc"]
[Black "Prorok, Marton"]
[Result "1/2-1/2"]
[WhiteElo "2388"]
[BlackElo "2336"]
[PlyCount "26"]
[EventDate "2023.10.08"]
[EventType "team-tourn"]
[EventRounds "11"]
[EventCountry "HUN"]
[Source "chess.hu"]
[WhiteTeam "Kumania-Kisujszallas"]
[BlackTeam "Dr.  Hetenyi Geza SK"]
[WhiteTeamCountry "HUN"]
[BlackTeamCountry "HUN"]

1. Nf3 d5 2. d4 Nf6 3. c4 e6 4. Nc3 dxc4 5. e3 c5 6. Bxc4 a6 7. a4 Nc6 8. O-O
Be7 9. dxc5 Qc7 10. Qe2 Bxc5 11. Rd1 Be7 12. b3 Na5 13. Bb2 Bc5 1/2-1/2

[Event "NB I. Maroczy csoport"]
[Site "Budapest"]
[Date "2024.04.07"]
[Round "9.2"]
[White "Issa, Rafat"]
[Black "Grunberg, Mihai-Lucian"]
[Result "1/2-1/2"]
[WhiteElo "2337"]
[BlackElo "2400"]
[PlyCount "45"]
[EventDate "2023.10.08"]
[EventType "team-tourn"]
[EventRounds "11"]
[EventCountry "HUN"]
[Source "chess.hu"]
[WhiteTeam "Dr.  Hetenyi Geza SK"]
[BlackTeam "Kumania-Kisujszallas"]
[WhiteTeamCountry "HUN"]
[BlackTeamCountry "HUN"]

1. Nf3 d5 2. d4 c6 3. Bf4 Nf6 4. Nbd2 Bf5 5. c3 Nbd7 6. Nh4 Be6 7. Qc2 Nh5 8.
e3 f6 9. Bg3 Bf7 10. Bd3 g6 11. O-O-O Qa5 12. Nb3 Qa4 13. Kb1 e6 14. c4 Nxg3
15. hxg3 Bg7 16. c5 b6 17. Rc1 O-O 18. Qe2 Rfb8 19. Bc2 f5 20. Nd2 Qa5 21. Nb3
Qa4 22. Nd2 Qa5 23. Nb3 1/2-1/2

[Event "NB I. Maroczy csoport"]
[Site "Budapest"]
[Date "2024.04.07"]
[Round "9.3"]
[White "Balla, Tamas-Kristof"]
[Black "Varga, Csaba Zoltan"]
[Result "1-0"]
[WhiteElo "2291"]
[BlackElo "2156"]
[PlyCount "72"]
[EventDate "2023.10.08"]
[EventType "team-tourn"]
[EventRounds "11"]
[EventCountry "HUN"]
[Source "chess.hu"]
[WhiteTeam "Kumania-Kisujszallas"]
[BlackTeam "Dr.  Hetenyi Geza SK"]
[WhiteTeamCountry "HUN"]
[BlackTeamCountry "HUN"]

1. Nf3 d5 2. b3 Nf6 3. Bb2 Bf5 4. d3 e6 5. g3 Bb4+ 6. Nbd2 O-O 7. Bg2 c5 8. a3
Ba5 9. Nh4 Bg4 10. h3 Bh5 11. g4 Bg6 12. Nxg6 fxg6 13. e3 Nc6 14. Qe2 Qd6 15.
O-O-O Rac8 16. c4 b5 17. cxb5 Ne5 18. Kb1 Bxd2 19. Rxd2 g5 20. Rc1 d4 21. Rdc2
dxe3 22. Bxe5 Qxe5 23. Qxe3 Qh2 24. Bc6 a6 25. Bb7 Rb8 26. bxa6 Qd6 27. Rxc5
Nd5 28. Qd4 Qb6 29. b4 Nf4 30. Qe3 Rbd8 31. R1c3 e5 32. Rxe5 Rd4 33. Re4 Ne6
34. Rxe6 Rxf2 35. Rc8+ Kf7 36. Qxf2+ Kxe6 1-0

[Event "NB I. Maroczy csoport"]
[Site "Budapest"]
[Date "2024.04.07"]
[Round "9.4"]
[White "Kormos, Adam"]
[Black "Meszaros, Gyula"]
[Result "1/2-1/2"]
[WhiteElo "2122"]
[BlackElo "2302"]
[PlyCount "161"]
[EventDate "2023.10.08"]
[EventType "team-tourn"]
[EventRounds "11"]
[EventCountry "HUN"]
[Source "chess.hu"]
[WhiteTeam "Dr.  Hetenyi Geza SK"]
[BlackTeam "Kumania-Kisujszallas"]
[WhiteTeamCountry "HUN"]
[BlackTeamCountry "HUN"]

1. e4 e6 2. d4 d5 3. exd5 exd5 4. c4 Nf6 5. Nc3 Bb4 6. Bd3 dxc4 7. Bxc4 O-O 8.
Nge2 Nbd7 9. Bg5 Be7 10. O-O Nb6 11. Bd3 Be6 12. Rc1 Qd7 13. Bxf6 Bxf6 14. Ne4
Be7 15. Nc5 Bxc5 16. dxc5 Nd5 17. c6 bxc6 18. Qc2 g6 19. a3 Rab8 20. b4 Rb6 21.
Rfd1 Qe7 22. Qd2 Rd8 23. Qh6 Qf6 24. Be4 Rd6 25. Bf3 Ra6 26. Ng3 Qf4 27. Qxf4
Nxf4 28. Rc3 Bd5 29. Re1 Kf8 30. h4 f5 31. Kh2 Kf7 32. Rce3 Re6 33. Rc1 Rxe3
34. fxe3 Ne6 35. Rc3 Bxf3 36. gxf3 c5 37. bxc5 Rc6 38. Rd3 Ke7 39. Ne2 Rxc5 40.
Kg3 Rc4 41. h5 gxh5 42. Rd5 h4+ 43. Kf2 Kf6 44. f4 Rc2 45. Kf3 Rc5 46. Rd2 Ke7
47. Kg2 c6 48. Kh3 Rb5 49. Kxh4 Rb3 50. Ng3 Ng7 51. Rc2 Kd7 52. Rd2+ Kc7 53.
Kg5 Rxe3 54. Nxf5 Ne6+ 55. Kf6 Re1 56. Rh2 Nxf4 57. Rxh7+ Kb6 58. Rh2 Nd5+ 59.
Kg5 Re5 60. Rb2+ Ka5 61. Kg4 Ne3+ 62. Kf4 Rxf5+ 63. Kxe3 Ka4 64. Kd4 a5 65. Rc2
Rd5+ 66. Kc4 Rh5 67. Rc3 Rb5 68. Rg3 Rb1 69. Rc3 Rb2 70. Kc5 Rb3 71. Rc1 Rxa3
72. Kxc6 Kb4 73. Kb6 a4 74. Rh1 Rc3 75. Rb1+ Rb3 76. Rh1 a3 77. Rh2 Rb2 78.
Rh4+ Kb3 79. Rh3+ Ka2+ 80. Ka5 Kb1 81. Rxa3 1/2-1/2

[Event "NB I. Maroczy csoport"]
[Site "Budapest"]
[Date "2024.04.07"]
[Round "9.5"]
[White "Egyed, Gabor"]
[Black "Dory, Jeno"]
[Result "1/2-1/2"]
[WhiteElo "2116"]
[BlackElo "2154"]
[PlyCount "35"]
[EventDate "2023.10.08"]
[EventType "team-tourn"]
[EventRounds "11"]
[EventCountry "HUN"]
[Source "chess.hu"]
[WhiteTeam "Kumania-Kisujszallas"]
[BlackTeam "Dr.  Hetenyi Geza SK"]
[WhiteTeamCountry "HUN"]
[BlackTeamCountry "HUN"]

1. e4 c5 2. Nf3 g6 3. d4 cxd4 4. Nxd4 Bg7 5. Nc3 Nc6 6. Be3 Nf6 7. Bc4 Qa5 8.
O-O O-O 9. Bb3 d6 10. h3 Bd7 11. Re1 Rfc8 12. Qd2 Ne5 13. Bh6 Nc4 14. Bxc4 Rxc4
15. Bxg7 Kxg7 16. Nb3 Qc7 17. Qe2 b5 18. a3 1/2-1/2

[Event "NB I. Maroczy csoport"]
[Site "Budapest"]
[Date "2024.04.07"]
[Round "9.6"]
[White "Seres, Bela"]
[Black "Nagy, Attila N"]
[Result "1/2-1/2"]
[WhiteElo "2133"]
[BlackElo "2135"]
[PlyCount "82"]
[EventDate "2023.10.08"]
[EventType "team-tourn"]
[EventRounds "11"]
[EventCountry "HUN"]
[Source "chess.hu"]
[WhiteTeam "Dr.  Hetenyi Geza SK"]
[BlackTeam "Kumania-Kisujszallas"]
[WhiteTeamCountry "HUN"]
[BlackTeamCountry "HUN"]

1. e4 c5 2. b3 d6 3. Bb5+ Bd7 4. a4 Nf6 5. Nc3 g6 6. Bb2 Bg7 7. Nd5 O-O 8.
Nxf6+ exf6 9. Ne2 Re8 10. d3 Nc6 11. O-O a6 12. Bxc6 bxc6 13. Ng3 h5 14. Re1
Bg4 15. f3 Be6 16. Nf1 d5 17. Ne3 Rb8 18. Qe2 Qb6 19. Kh1 Rbd8 20. Rab1 Qa5 21.
Rbd1 Qb4 22. Qd2 Qxd2 23. Rxd2 c4 24. bxc4 dxc4 25. Kg1 Rd7 26. Red1 Bh6 27.
Kf2 f5 28. dxc4 Rxd2+ 29. Rxd2 fxe4 30. fxe4 f5 31. Bf6 fxe4 32. Rd8 Kf7 33.
Rxe8 Kxe8 34. c5 Kd7 35. g3 Ba2 36. g4 Bf8 37. Bd4 Ke6 38. gxh5 gxh5 39. Kg3
Be7 40. Kf4 Bb1 41. Kxe4 Bg5 1/2-1/2

[Event "NB I. Maroczy csoport"]
[Site "Budapest"]
[Date "2024.04.07"]
[Round "9.7"]
[White "Pletl, Akos"]
[Black "Bognar, Csaba Dr"]
[Result "1-0"]
[WhiteElo "2191"]
[BlackElo "2127"]
[PlyCount "123"]
[EventDate "2023.10.08"]
[EventType "team-tourn"]
[EventRounds "11"]
[EventCountry "HUN"]
[Source "chess.hu"]
[WhiteTeam "Kumania-Kisujszallas"]
[BlackTeam "Dr.  Hetenyi Geza SK"]
[WhiteTeamCountry "HUN"]
[BlackTeamCountry "HUN"]

1. Nf3 Nf6 2. b3 g6 3. Bb2 Bg7 4. c4 d6 5. g3 e5 6. Bg2 O-O 7. O-O Qe7 8. Nc3
c6 9. e4 c5 10. Nh4 Ne8 11. Nd5 Qd8 12. Qe1 Nc6 13. f4 exf4 14. Bxg7 Nxg7 15.
gxf4 Nd4 16. Qf2 f5 17. e5 dxe5 18. fxe5 Kh8 19. Nf3 Nge6 20. Nxd4 Nxd4 21. b4
Nc2 22. Rab1 Nxb4 23. Qxc5 Nxd5 24. Bxd5 b6 25. Qa3 Rb8 26. Qxa7 Bd7 27. e6
Bxe6 28. Bxe6 Qd4+ 29. Rf2 Qg4+ 30. Kf1 Qe4 31. Rxb6 Qh1+ 32. Ke2 Rbe8 33. Qd7
Qe4+ 34. Kd1 Rd8 35. Qb7 Qd4 36. Re2 Rb8 37. Qxb8 Rxb8 38. Rxb8+ Kg7 39. Kc2
Qa7 40. Rb2 f4 41. Bd5 Qa4+ 42. Kc1 Qa3 43. Kc2 Qa4+ 44. Kc3 Qa3+ 45. Rb3 Qxa2
46. c5 Qa5+ 47. Kd4 Qa1+ 48. Rc3 Qa4+ 49. Rc4 Qa1+ 50. Rc3 Qa4+ 51. Ke5 Qe8+
52. Be6 Qb8+ 53. Ke4 Kf6 54. Bh3 Qb5 55. Kf3 g5 56. c6 h5 57. c7 Qb7+ 58. Kf2
Qb6+ 59. Kg2 g4 60. c8=Q f3+ 61. Rxf3+ gxf3+ 62. Kxf3 1-0

[Event "NB I. Maroczy csoport"]
[Site "Budapest"]
[Date "2024.04.07"]
[Round "9.8"]
[White "Pervai, Laszlo"]
[Black "Balogh, David"]
[Result "1/2-1/2"]
[WhiteElo "1988"]
[BlackElo "2212"]
[PlyCount "120"]
[EventDate "2023.10.08"]
[EventType "team-tourn"]
[EventRounds "11"]
[EventCountry "HUN"]
[Source "chess.hu"]
[WhiteTeam "Dr.  Hetenyi Geza SK"]
[BlackTeam "Kumania-Kisujszallas"]
[WhiteTeamCountry "HUN"]
[BlackTeamCountry "HUN"]

1. e4 e6 2. d4 d5 3. Nc3 Bb4 4. exd5 exd5 5. Bd3 Nc6 6. a3 Bxc3+ 7. bxc3 Qf6 8.
Qh5 Nge7 9. Nf3 Bf5 10. O-O Qg6 11. Qg5 f6 12. Qg3 Qxg3 13. hxg3 g5 14. Re1 Kf7
15. Rb1 b6 16. a4 Bxd3 17. cxd3 h5 18. Ba3 Nf5 19. Nd2 Rae8 20. Kf1 Rxe1+ 21.
Rxe1 h4 22. gxh4 Rxh4 23. Kg1 Rh8 24. Nf1 Re8 25. Rxe8 Kxe8 26. Nd2 a5 27. g3
Kd7 28. Kg2 g4 29. Kf1 Nd8 30. Ke2 Ne6 31. Nf1 Kc6 32. Nh2 Nfxd4+ 33. cxd4
Nxd4+ 34. Kd2 f5 35. f3 f4 36. Nxg4 Nxf3+ 37. Ke2 Nd4+ 38. Kf2 fxg3+ 39. Kxg3
Ne2+ 40. Kf3 Nc3 41. Ke3 Nxa4 42. Kd4 Kb5 43. Kxd5 Nc3+ 44. Kd4 Nd1 45. Ne5 Ka4
46. Be7 Kb3 47. Kd5 a4 48. Kc6 Nc3 49. d4 b5 50. Nd3 Kc4 51. Nb2+ Kb3 52. Nd3
a3 53. Bxa3 Kxa3 54. Kxc7 Kb3 55. Kc6 Kc4 56. d5 Ne4 57. Nb2+ Kb4 58. Nd3+ Kc3
59. Kxb5 Kxd3 60. d6 Nxd6+ 1/2-1/2

[Event "NB I. Maroczy csoport"]
[Site "Budapest"]
[Date "2024.04.07"]
[Round "9.9"]
[White "Simonyi, Zoltan"]
[Black "Kormos, Andras"]
[Result "1-0"]
[WhiteElo "2104"]
[BlackElo "2058"]
[PlyCount "80"]
[EventDate "2023.10.08"]
[EventType "team-tourn"]
[EventRounds "11"]
[EventCountry "HUN"]
[Source "chess.hu"]
[WhiteTeam "Kumania-Kisujszallas"]
[BlackTeam "Dr.  Hetenyi Geza SK"]
[WhiteTeamCountry "HUN"]
[BlackTeamCountry "HUN"]

1. d4 g6 2. e4 Bg7 3. Nf3 d6 4. Be2 Nc6 5. O-O e5 6. c3 h6 7. Be3 Bd7 8. Nbd2
Nf6 9. dxe5 dxe5 10. Bc5 a6 11. Qc2 b6 12. Ba3 Bf8 13. Bxf8 Kxf8 14. Nc4 Qe7
15. Ne3 Kg7 16. Rad1 Nd8 17. Nd5 Nxd5 18. exd5 Nb7 19. c4 Rhe8 20. Rfe1 Bg4 21.
Nd2 Bf5 22. Qc3 f6 23. h3 a5 24. g4 Bd7 25. Kg2 c6 26. Bf3 cxd5 27. Bxd5 Be6
28. f4 Bxd5+ 29. cxd5 Qd8 30. fxe5 Rc8 31. exf6+ Kh7 32. Rxe8 Qxe8 33. Qd3 Qe5
34. Rf1 Rf8 35. Ne4 Qxb2+ 36. Rf2 Qe5 37. d6 Nd8 38. Rc2 Ne6 39. Qe3 Rxf6 40.
Nxf6+ Qxf6 1-0

[Event "NB I. Maroczy csoport"]
[Site "Budapest"]
[Date "2024.04.07"]
[Round "9.10"]
[White "Novaky, Csaba"]
[Black "Fekete, Albert"]
[Result "1-0"]
[WhiteElo "2075"]
[BlackElo "2092"]
[PlyCount "85"]
[EventDate "2023.10.08"]
[EventType "team-tourn"]
[EventRounds "11"]
[EventCountry "HUN"]
[Source "chess.hu"]
[WhiteTeam "Dr.  Hetenyi Geza SK"]
[BlackTeam "Kumania-Kisujszallas"]
[WhiteTeamCountry "HUN"]
[BlackTeamCountry "HUN"]

1. e4 c5 2. Nf3 Nc6 3. d4 cxd4 4. Nxd4 e5 5. Nb5 d6 6. N1c3 a6 7. Na3 b5 8. Nd5
Nce7 9. Bg5 h6 10. Bxb5+ axb5 11. Nxb5 Ra7 12. Nxa7 hxg5 13. Nxc8 Qxc8 14. a4
Nf6 15. Nxf6+ gxf6 16. Qxd6 Ng6 17. Qd5 Bc5 18. g3 O-O 19. Rd1 Ne7 20. Qd7 Qa8
21. Qg4 Kg7 22. h4 Rh8 23. O-O Rh6 24. c3 Ng6 25. h5 Nf8 26. b4 Be7 27. a5 Qc6
28. Qf3 Qc8 29. Rd3 Ne6 30. Kg2 Qc6 31. Rfd1 Kf8 32. Rd5 Nc7 33. Rd7 Ne6 34.
R1d5 Nc7 35. Rd3 Ne6 36. R3d5 Nc7 37. Qd3 Nxd5 38. Qxd5 Qxc3 39. Qa8+ Kg7 40.
Rxe7 f5 41. Qd5 Rf6 42. Qxe5 Qc1 43. Rc7 1-0

[Event "NB I. Maroczy csoport"]
[Site "Budapest"]
[Date "2024.04.07"]
[Round "9.11"]
[White "Atkins, Rita"]
[Black "Gelle, Istvan"]
[Result "1/2-1/2"]
[WhiteElo "2027"]
[BlackElo "2161"]
[PlyCount "158"]
[EventDate "2023.10.08"]
[EventType "team-tourn"]
[EventRounds "11"]
[EventCountry "HUN"]
[Source "chess.hu"]
[WhiteTeam "Kumania-Kisujszallas"]
[BlackTeam "Dr.  Hetenyi Geza SK"]
[WhiteTeamCountry "HUN"]
[BlackTeamCountry "HUN"]

1. d4 d5 2. Bf4 c6 3. e3 Bf5 4. c4 e6 5. Nc3 Nd7 6. Qb3 Qb6 7. c5 Qxb3 8. axb3
e5 9. Bg3 exd4 10. exd4 Be7 11. Nf3 a6 12. b4 Rc8 13. Be2 Bf6 14. O-O Ne7 15.
Bd6 Nf8 16. Ne5 h5 17. h3 Ne6 18. Rad1 g5 19. Rfe1 Rd8 20. g4 hxg4 21. Bxg4
Bxg4 22. hxg4 Rh4 23. f3 Rh3 24. Re3 Nc8 25. Bb8 Ke7 26. Rde1 Rdh8 27. Ng6+ Ke8
28. Nxh8 Bxd4 29. Kg2 Rxh8 30. Be5 Bxe5 31. Rxe5 Ne7 32. Rh1 Nf4+ 33. Kg1 Rxh1+
34. Kxh1 f6 35. Re1 Kd7 36. Na4 Neg6 37. Nb6+ Kd8 38. Kh2 Ne5 39. Kg3 d4 40.
Rh1 d3 41. Kf2 Ke7 42. b3 Ke6 43. Nc4 Nd5 44. Rh7 Nf7 45. Ke1 Nxb4 46. Kd2 a5
47. Nxa5 Ne5 48. Rxb7 Nxf3+ 49. Kd1 Nd5 50. Nc4 Nc3+ 51. Kc1 Ne4 52. Nb2 Nxc5
53. Rb6 Kd5 54. b4 d2+ 55. Kd1 Ne4 56. Ke2 Nd4+ 57. Kd3 Nf3 58. Rb8 Ne5+ 59.
Ke2 Nxg4 60. Rd8+ Ke6 61. Nc4 Ne5 62. Nxd2 Nc3+ 63. Kf2 Nd5 64. Ne4 Nxb4 65.
Rd6+ Kf5 66. Nxf6 Nbd3+ 67. Kg3 Nf4 68. Nh7 Nh5+ 69. Kf2 g4 70. Rh6 g3+ 71. Kg2
Kg4 72. Nf6+ Nxf6 73. Rxf6 c5 74. Rf8 c4 75. Rg8+ Kf4 76. Rxg3 Ng4 77. Rc3 Ne3+
78. Kg1 Ke4 79. Rxc4+ Nxc4 1/2-1/2

[Event "NB I. Maroczy csoport"]
[Site "Kecskemet"]
[Date "2024.04.07"]
[Round "9.1"]
[White "Furedi, Erik"]
[Black "Groszpeter, Attila"]
[Result "1/2-1/2"]
[WhiteElo "2285"]
[BlackElo "2427"]
[PlyCount "110"]
[EventDate "2023.10.08"]
[EventType "team-tourn"]
[EventRounds "11"]
[EventCountry "HUN"]
[Source "chess.hu"]
[WhiteTeam "Vasas SC"]
[BlackTeam "Neumann J. Egyetem"]
[WhiteTeamCountry "HUN"]
[BlackTeamCountry "HUN"]

1. e4 e5 2. Nf3 Nc6 3. Bb5 a6 4. Ba4 Nf6 5. O-O Be7 6. Re1 b5 7. Bb3 d6 8. c3
O-O 9. h3 h6 10. d4 Bd7 11. Nbd2 Re8 12. Nf1 a5 13. a4 exd4 14. axb5 Ne5 15.
Nxd4 c5 16. bxc6 Nxc6 17. Ng3 Nxd4 18. Qxd4 Bf8 19. Bc2 Rb8 20. b3 Qc7 21. Bf4
Rec8 22. Ne2 Nh5 23. Be3 g6 24. Qd2 Bg7 25. Rac1 Be6 26. Bxh6 Bxb3 27. Bxg7
Nxg7 28. Bxb3 Rxb3 29. Nf4 Qd8 30. Nd5 Ne6 31. f4 Nc7 32. Ne3 Ne8 33. Kh1 Nf6
34. Qd4 Qe7 35. e5 dxe5 36. fxe5 Nh5 37. Nd5 Qg5 38. Nf6+ Nxf6 39. exf6 Rb2 40.
Qg4 Qxg4 41. hxg4 Rf2 42. Ra1 Rc5 43. Re8+ Kh7 44. Ra8 Rxf6 45. R8xa5 Rxc3 46.
g5 Rf2 47. R1a3 Rxa3 48. Rxa3 Kg7 49. Kh2 Rf5 50. Rg3 Kf8 51. Kh3 Re5 52. Rg4
Ke7 53. Kh4 Re2 54. Kh3 Ke6 55. Rf4 Re5 1/2-1/2

[Event "NB I. Maroczy csoport"]
[Site "Kecskemet"]
[Date "2024.04.07"]
[Round "9.2"]
[White "Balazs, Gabor"]
[Black "Torok, Sandor"]
[Result "1/2-1/2"]
[WhiteElo "2369"]
[BlackElo "2219"]
[PlyCount "86"]
[EventDate "2023.10.08"]
[EventType "team-tourn"]
[EventRounds "11"]
[EventCountry "HUN"]
[Source "chess.hu"]
[WhiteTeam "Neumann J. Egyetem"]
[BlackTeam "Vasas SC"]
[WhiteTeamCountry "HUN"]
[BlackTeamCountry "HUN"]

1. d4 Nf6 2. c4 g6 3. Nc3 d5 4. cxd5 Nxd5 5. Bd2 Bg7 6. e4 Nxc3 7. Bxc3 c5 8.
d5 O-O 9. Qd2 e6 10. Bxg7 Kxg7 11. Bc4 Nd7 12. Qc3+ Qf6 13. Qxf6+ Nxf6 14. dxe6
Bxe6 15. Bxe6 fxe6 16. f3 Rad8 17. Ne2 g5 18. Rd1 b6 19. Nc3 Nd7 20. Ke2 Ne5
21. b3 Nc6 22. Rxd8 Rxd8 23. h4 Nd4+ 24. Ke3 h6 25. hxg5 hxg5 26. Rc1 Rh8 27.
b4 cxb4 28. Kxd4 bxc3 29. Rxc3 Kf6 30. Rc7 Rd8+ 31. Ke3 a5 32. Rc6 Rb8 33. f4
gxf4+ 34. Kxf4 b5 35. Ra6 a4 36. e5+ Kf7 37. Ra5 Kg6 38. Ke4 Rc8 39. Rxb5 Rc2
40. Rb6 Re2+ 41. Kf4 Rf2+ 42. Ke4 Re2+ 43. Kf4 Rf2+ 1/2-1/2

[Event "NB I. Maroczy csoport"]
[Site "Kecskemet"]
[Date "2024.04.07"]
[Round "9.3"]
[White "Karacsony, Attila"]
[Black "Marosi, Levente"]
[Result "0-1"]
[WhiteElo "2187"]
[BlackElo "2280"]
[PlyCount "88"]
[EventDate "2023.10.08"]
[EventType "team-tourn"]
[EventRounds "11"]
[EventCountry "HUN"]
[Source "chess.hu"]
[WhiteTeam "Vasas SC"]
[BlackTeam "Neumann J. Egyetem"]
[WhiteTeamCountry "HUN"]
[BlackTeamCountry "HUN"]

1. e4 c6 2. d4 d5 3. e5 Bf5 4. Ne2 e6 5. Ng3 Bg6 6. h4 h6 7. h5 Bh7 8. Bd3 Bxd3
9. cxd3 Qb6 10. Be3 Qxb2 11. Nd2 Qa3 12. Nb3 Bb4+ 13. Bd2 Nd7 14. O-O Bxd2 15.
Qxd2 Ne7 16. Rfc1 b6 17. f4 Rc8 18. f5 Nxf5 19. Nxf5 exf5 20. Rc3 Qe7 21. Qc2
Qe6 22. Rc1 Nb8 23. Nd2 O-O 24. Nf3 f4 25. Qf2 Rc7 26. Nh2 f6 27. exf6 Qxf6 28.
Ng4 Qg5 29. Qf3 Rf5 30. Re1 Qxh5 31. Nf6+ gxf6 32. Qxh5 Rxh5 33. Re8+ Kf7 34.
Rxb8 Rg5 35. Kf2 Rg8 36. Rxg8 Kxg8 37. Kf3 Kf7 38. Kxf4 c5 39. Kf5 c4 40. dxc4
dxc4 41. a4 a6 42. d5 b5 43. axb5 axb5 44. Rh3 Re7 0-1

[Event "NB I. Maroczy csoport"]
[Site "Kecskemet"]
[Date "2024.04.07"]
[Round "9.4"]
[White "Soos, Arpad"]
[Black "Jacso, Adam Dr"]
[Result "0-1"]
[WhiteElo "2344"]
[BlackElo "2217"]
[PlyCount "88"]
[EventDate "2023.10.08"]
[EventType "team-tourn"]
[EventRounds "11"]
[EventCountry "HUN"]
[Source "chess.hu"]
[WhiteTeam "Neumann J. Egyetem"]
[BlackTeam "Vasas SC"]
[WhiteTeamCountry "HUN"]
[BlackTeamCountry "HUN"]

1. e4 c5 2. Nf3 Nc6 3. d4 cxd4 4. Nxd4 Nf6 5. Nc3 e5 6. Ndb5 d6 7. Nd5 Nxd5 8.
exd5 Ne7 9. c4 Ng6 10. Be2 Be7 11. O-O O-O 12. Be3 a6 13. Nc3 f5 14. f3 Bg5 15.
Qd2 Bxe3+ 16. Qxe3 Nf4 17. Kh1 Bd7 18. c5 dxc5 19. Qxe5 Qg5 20. g3 Nxe2 21.
Qxe2 Rae8 22. Qc4 Qe3 23. Rae1 Qd4 24. b3 b5 25. Qxd4 cxd4 26. Ne2 Re5 27. Nf4
Rfe8 28. Rxe5 Rxe5 29. h4 Re3 30. Kg2 Rc3 31. Rd1 Rc2+ 32. Kg1 Rxa2 33. Rxd4 a5
34. Ne6 Rc2 35. Rd3 b4 36. Nd4 Rc5 37. Ne6 Rc2 38. Re3 a4 39. bxa4 Bxa4 40. d6
b3 41. Rxb3 Bxb3 42. d7 Rd2 43. d8=Q+ Rxd8 44. Nxd8 Bd5 0-1

[Event "NB I. Maroczy csoport"]
[Site "Kecskemet"]
[Date "2024.04.07"]
[Round "9.5"]
[White "Czegledi, Barna Jr"]
[Black "Siklosi, Zoltan"]
[Result "1/2-1/2"]
[WhiteElo "2085"]
[BlackElo "2273"]
[PlyCount "101"]
[EventDate "2023.10.08"]
[EventType "team-tourn"]
[EventRounds "11"]
[EventCountry "HUN"]
[Source "chess.hu"]
[WhiteTeam "Vasas SC"]
[BlackTeam "Neumann J. Egyetem"]
[WhiteTeamCountry "HUN"]
[BlackTeamCountry "HUN"]

1. d4 Nf6 2. c4 e6 3. Nc3 Bb4 4. e3 O-O 5. Nge2 d5 6. a3 Be7 7. cxd5 exd5 8. g3
c6 9. Bg2 Na6 10. O-O Nc7 11. f3 c5 12. dxc5 Bxc5 13. b4 Be7 14. Qd2 Re8 15.
Rd1 a5 16. b5 Bc5 17. Nd4 Bd7 18. Bf1 Ne6 19. Nxe6 Bxe6 20. Na4 Be7 21. Bb2 Nd7
22. Bd4 Bf6 23. Qb2 Bxd4 24. Qxd4 Qe7 25. Rdc1 Rec8 26. Rc3 Rxc3 27. Qxc3 Qd6
28. Kf2 h5 29. Rd1 h4 30. Rd4 hxg3+ 31. hxg3 Nb6 32. Nxb6 Qxb6 33. Rh4 Rc8 34.
Qd3 g6 35. Qd4 Rc2+ 36. Ke1 Qxd4 37. Rxd4 Rc3 38. Rd3 Rc5 39. a4 b6 40. Kd2 Kf8
41. Rc3 Rxc3 42. Kxc3 Ke7 43. Kd4 Kd6 44. Bd3 g5 45. g4 f6 46. Bc2 Bf7 47. Bb3
Bg6 48. Bd1 Bb1 49. Bb3 Bg6 50. Bd1 Bb1 51. Bb3 1/2-1/2

[Event "NB I. Maroczy csoport"]
[Site "Kecskemet"]
[Date "2024.04.07"]
[Round "9.6"]
[White "Marta, Dominik"]
[Black "Horvath, Julia"]
[Result "1-0"]
[WhiteElo "2114"]
[BlackElo "2110"]
[PlyCount "83"]
[EventDate "2023.10.08"]
[EventType "team-tourn"]
[EventRounds "11"]
[EventCountry "HUN"]
[Source "chess.hu"]
[WhiteTeam "Neumann J. Egyetem"]
[BlackTeam "Vasas SC"]
[WhiteTeamCountry "HUN"]
[BlackTeamCountry "HUN"]

1. d4 Nf6 2. Nf3 d5 3. c4 e6 4. Nc3 Be7 5. e3 O-O 6. Bd3 c5 7. cxd5 exd5 8.
dxc5 Bxc5 9. O-O Nc6 10. b3 h6 11. Bb2 Be6 12. Rc1 Rc8 13. Bb1 Be7 14. Ne2 Qd7
15. Nf4 Rfd8 16. Nd4 Nxd4 17. Qxd4 b6 18. Qd3 Kf8 19. Rfd1 Rc6 20. Rxc6 Qxc6
21. Rc1 Qd7 22. Qc2 Qd6 23. h3 Ne4 24. Qc7 Rd7 25. Qc8+ Rd8 26. Qb7 Bf6 27.
Bxf6 Nxf6 28. Qxa7 Rc8 29. Rxc8+ Bxc8 30. Qa8 Qc7 31. Bf5 Nd7 32. Nxd5 Qb7 33.
Qa3+ Nc5 34. Nxb6 Qxb6 35. Bxc8 Kg8 36. b4 Ne6 37. Bxe6 Qxe6 38. b5 Kh7 39. Qb3
Qe5 40. b6 Qa1+ 41. Kh2 Qe5+ 42. f4 1-0